Zhodnotenie právnej úpravy účtovníctva v Slovenskej republike bakalárska práca

Enregistré dans:
Détails bibliographiques
Auteur principal: Olšovský, Roman
Collectivité auteur: Fakulta hospodárskej informatiky EU. Katedra účtovníctva a audítorstva
Autres auteurs: Surový, Vladimír
Format: Livre
Langue:slovaque
Publié: Bratislava 2014
Tags: Ajouter un tag
Pas de tags, Soyez le premier à ajouter un tag!

MARC

LEADER 00000nbm a2200000 4500
001 0189699
005 20170201103749.3
041 0 |a slo 
044 |a SK 
245 1 0 |a Zhodnotenie právnej úpravy účtovníctva v Slovenskej republike  |b bakalárska práca  |c Roman Olšovský ; školiteľ: Vladimír Surový 
264 1 |a Bratislava  |c 2014 
300 |a 39 s. 
100 1 |a Olšovský, Roman 
700 1 |a Surový, Vladimír 
710 2 |a Fakulta hospodárskej informatiky EU. Katedra účtovníctva a audítorstva